000 00672nam a2200241Ia 4500
003 OSt
005 20220923223839.0
006 a|||||r|||| 00| 0
007 ta
008 Pun
024 _a222,205
037 _cTextual
040 _aARTS
_cARTS
_bPun
041 _2Pun
_aPun
082 _aO153,1N372x, N2
100 _aਚੌਧਰੀ, ਜੀ ਡੀ
245 0 _aਸਫਰ ਜਾਰੀ ਹੈ
260 _aਪਟਿਆਲਾ
_b ਅਮਨ ਪ੍ਰਕਾFਨ
_c1992
300 _a66ਪੰ
_ccm.
650 _aਪੰਜਾਬੀ ਸਾਹਿਤ
942 _hO153,1N372x, N2
_cTEXL
_2CC
999 _c367690
_d367690